000 00266nam a22001217a 4500
003 SGT
082 _a616.0757
_bM12C
100 _aCHHABRA, AVNEESH
245 _aMAGNETIC RESONANCE NEUROGRAPHY
260 _aINDIA
_bJAYPEE
_c2012
300 _a200
942 _2ddc
_cBK
999 _c14573
_d14573